Ultimate Country Borders Quiz - Statistics

General Stats
  • This quiz has been taken 1,413 times
  • The average score is 77 of 196
Answer Stats
# OF BORDERING COUNTRIES COUNTRY COUNTRY NAME % Correct
1 Canada United States
97%
1 Denmark Germany
96%
1 Portugal Spain
96%
0 Dominica
95%
1 Dominican Republic Haiti
95%
1 East Timor | Papua New Guinea Indonesia
95%
1 San Marino | Vatican City Italy
95%
1 South Korea North Korea
95%
1 Ireland United Kingdom
95%
1 Monaco France
94%
1 Sri Lanka India
94%
1 Lesotho South Africa
94%
1 Haiti Dominican Republic
92%
1 Brunei Malaysia
91%
2 Andorra France, Spain
87%
1 Gambia Senegal
87%
2 Bhutan | Nepal China, India
80%
2 Estonia Latvia, Russia
75%
2 United States Canada, Mexico
74%
2 Mongolia China, Russia
74%
2 Ecuador Colombia, Peru
74%
2 Sweden Finland, Norway
73%
2 Yemen Oman, Saudi Arabia
73%
2 Costa Rica Nicaragua, Panama
72%
2 Tunisia Algeria, Libya
71%
2 Uruguay Argentina, Brazil
71%
2 Liechtenstein Austria, Switzerland
71%
2 Panama Colombia, Costa Rica
71%
2 Belize Guatemala, Mexico
71%
2 Kuwait Iraq, Saudi Arabia
70%
2 El Salvador Guatemala, Honduras
68%
2 Lebanon Israel, Syria
68%
2 Swaziland Mozambique, South Africa
68%
2 Moldova Romania, Ukraine
68%
2 Nicaragua Costa Rica, Honduras
66%
2 Bangladesh Burma, India
63%
2 Qatar Saudi Arabia, United Arab Emirates
63%
3 Finland Norway, Russia, Sweden
61%
2 Equatorial Guinea Cameroon, Gabon
59%
3 Chile Argentina, Bolivia, Peru
57%
2 Sierra Leone Guinea, Liberia
57%
2 Guinea-Bissau Guinea, Senegal
57%
3 Norway Finland, Russia, Sweden
56%
3 Luxembourg | Netherlands Belgium, France, Germany
55%
3 Bosnia and Herzegovina Croatia, Montenegro, Serbia
55%
3 Egypt Israel, Libya, Sudan
55%
3 Cambodia Laos, Thailand, Vietnam
55%
3 North Korea China, Russia, South Korea
54%
2 United Kingdom Ireland, Spain
54%
3 Djibouti Eritrea, Ethiopia, Somalia
52%
3 Oman Saudi Arabia, United Arab Emirates, Yemen
52%
3 Paraguay Argentina, Bolivia, Brazil
51%
3 Venezuela Brazil, Colombia, Guyana
51%
3 Vietnam Cambodia, China, Laos
51%
3 Guyana Brazil, Suriname, Venezuela
50%
3 Mexico Belize, Guatemala, United States
48%
3 Eritrea Djibouti, Ethiopia, Sudan
48%
3 United Arab Emirates Oman, Qatar, Saudi Arabia
48%
3 Suriname Brazil, France, Guyana
47%
3 Honduras El Salvador, Guatemala, Nicaragua
47%
3 Indonesia East Timor, Malaysia, Papua New Guinea
46%
0 Australia
45%
3 Somalia Djibouti, Ethiopia, Kenya
45%
3 Malaysia Brunei, Indonesia, Thailand
43%
0 Cuba
43%
0 Iceland
43%
0 New Zealand
43%
0 Saint Lucia
43%
0 Saint Vincent and the Grenadines
43%
0 Tuvalu
43%
0 Vanuatu
43%
3 Morocco Algeria, Mauritania, Spain
42%
3 Togo Benin, Burkina Faso, Ghana
42%
0 Jamaica
42%
0 Marshall Islands
42%
0 Saint Kitts and Nevis
42%
0 Antigua and Barbuda
41%
0 Bahamas
41%
0 Barbados
41%
0 Fiji
41%
0 Kiribati
41%
0 Malta
41%
0 Nauru
41%
0 Palau
41%
0 Samoa
41%
0 Seychelles
41%
0 Solomon Islands
41%
0 Tonga
41%
0 Trinidad and Tobago
41%
0 Cape Verde
40%
0 Comoros
40%
0 Cyprus
40%
0 Grenada
40%
0 Japan
40%
3 Burundi Democratic Republic of the Congo, Rwanda, Tanzania
39%
0 Madagascar
39%
0 Maldives
39%
0 São Tomé and Príncipe
39%
3 Ghana Burkina Faso, Côte d'Ivoire, Togo
38%
0 Federated States of Micronesia
38%
4 Belgium France, Germany, Luxembourg, Netherlands
38%
0 Mauritius
38%
3 Gabon Cameroon, Equatorial Guinea, Republic of the Congo
36%
4 Israel Egypt, Jordan, Lebanon, Syria
36%
0 Taiwan
36%
3 Malawi Mozambique, Tanzania, Zambia
35%
0 Philippines
35%
3 Liberia Côte d'Ivoire, Guinea, Sierra Leone
34%
0 Bahrain
33%
0 Singapore
33%
4 Greece Albania, Bulgaria, Macedonia, Turkey
32%
4 Latvia Belarus, Estonia, Lithuania, Russia
32%
4 Georgia Armenia, Azerbaijan, Russia, Turkey
31%
4 Albania Greece, Kosovo, Macedonia, Montenegro
31%
4 Czech Republic Austria, Germany, Poland, Slovakia
30%
4 Lithuania Belarus, Latvia, Poland, Russia
30%
4 Guatemala Belize, El Salvador, Honduras, Mexico
30%
4 Kosovo Albania, Macedonia, Montenegro, Serbia
28%
4 Mauritania Algeria, Mali, Morocco, Senegal
28%
4 Armenia Azerbaijan, Georgia, Iran, Turkey
28%
4 Jordan Iraq, Israel, Saudi Arabia, Syria
28%
4 Pakistan Afghanistan, China, India, Iran
27%
5 Argentina Bolivia, Brazil, Chile, Paraguay, Uruguay
25%
4 Thailand Burma, Cambodia, Laos, Malaysia
25%
4 Namibia Angola, Botswana, South Africa, Zambia
24%
4 Slovenia Austria, Croatia, Hungary, Italy
24%
4 Benin Burkina Faso, Niger, Nigeria, Togo
23%
4 Kyrgyzstan China, Kazakhstan, Tajikistan, Uzbekistan
23%
4 Botswana Namibia, South Africa, Zambia, Zimbabwe
23%
4 Nigeria Benin, Cameroon, Chad, Niger
22%
4 Rwanda Burundi, Democratic Republic of the Congo, Tanzania, Uganda
21%
5 Bolivia Argentina, Brazil, Chile, Paraguay, Peru
20%
5 Azerbaijan Armenia, Georgia, Iran, Russia, Turkey
20%
4 Angola Democratic Republic of the Congo, Namibia, Republic of the Congo, Zambia
20%
4 Tajikistan Afghanistan, China, Kyrgyzstan, Uzbekistan
19%
4 Turkmenistan Afghanistan, Iran, Kazakhstan, Uzbekistan
19%
4 Zimbabwe Botswana, Mozambique, South Africa, Zambia
19%
5 Colombia Brazil, Ecuador, Panama, Peru, Venezuela
19%
5 Belarus Latvia, Lithuania, Poland, Russia, Ukraine
19%
5 Spain Andorra, France, Morocco, Portugal, United Kingdom
17%
5 Bulgaria Greece, Macedonia, Romania, Serbia, Turkey
17%
5 Switzerland Austria, France, Germany, Italy, Liechtenstein
16%
5 Burma Bangladesh, China, India, Laos, Thailand
16%
5 Peru Bolivia, Brazil, Chile, Colombia, Ecuador
15%
5 Croatia Bosnia and Herzegovina, Hungary, Montenegro, Serbia, Slovenia
15%
5 Laos Burma, Cambodia, China, Thailand, Vietnam
15%
5 Kazakhstan China, Kyrgyzstan, Russia, Turkmenistan, Uzbekistan
15%
5 Romania Bulgaria, Hungary, Moldova, Serbia, Ukraine
14%
5 Montenegro Albania, Bosnia and Herzegovina, Croatia, Kosovo, Serbia
13%
5 Macedonia Albania, Bulgaria, Greece, Kosovo, Serbia
13%
5 Slovakia Austria, Czech Republic, Hungary, Poland, Ukraine
13%
5 Syria Iraq, Israel, Jordan, Lebanon, Turkey
13%
5 Uzbekistan Afghanistan, Kazakhstan, Kyrgyzstan, Tajikistan, Turkmenistan
12%
5 Côte d'Ivoire Burkina Faso, Ghana, Guinea, Liberia, Mali
12%
5 Kenya Ethiopia, Somalia, South Sudan, Tanzania, Uganda
12%
5 Senegal Gambia, Guinea, Guinea-Bissau, Mali, Mauritania
12%
6 Italy Austria, France, San Marino, Slovenia, Switzerland, Vatican City
11%
6 Afghanistan China, Iran, Pakistan, Tajikistan, Turkmenistan, Uzbekistan
11%
5 Republic of the Congo Angola, Cameroon, Central African Republic, Democratic Republic of the Congo, Gabon
10%
5 Uganda Democratic Republic of the Congo, Kenya, Rwanda, South Sudan, Tanzania
10%
6 Algeria Libya, Mali, Mauritania, Morocco, Niger, Tunisia
9%
6 South Africa Botswana, Lesotho, Mozambique, Namibia, Swaziland, Zimbabwe
8%
10 Brazil Argentina, Bolivia, Colombia, France, Guyana, Paraguay, Peru, Suriname, Uruguay, Venezuela
7%
9 Germany Austria, Belgium, Czech Republic, Denmark, France, Luxembourg, Netherlands, Poland, Switzerland
7%
7 India Bangladesh, Bhutan, Burma, China, Nepal, Pakistan, Sri Lanka
7%
6 Burkina Faso Benin, Côte d'Ivoire, Ghana, Mali, Niger, Togo
7%
6 Cameroon Central African Republic, Chad, Equatorial Guinea, Gabon, Nigeria, Republic of the Congo
7%
6 Iraq Iran, Jordan, Kuwait, Saudi Arabia, Syria, Turkey
7%
7 Iran Afghanistan, Armenia, Azerbaijan, Iraq, Pakistan, Turkey, Turkmenistan
6%
6 Libya Algeria, Chad, Egypt, Niger, Sudan, Tunisia
6%
11 France Andorra, Belgium, Brazil, Germany, Italy, Luxembourg, Monaco, Netherlands, Spain, Suriname, Switzerland
6%
14 Russia Azerbaijan, Belarus, China, Estonia, Finland, Georgia, Kazakhstan, Latvia, Lithuania, Mongolia, North Korea, Norway, Poland, Ukraine
6%
7 Poland Belarus, Czech Republic, Germany, Lithuania, Russia, Slovakia, Ukraine
6%
7 Ukraine Belarus, Hungary, Moldova, Poland, Romania, Russia, Slovakia
6%
6 Chad Cameroon, Central African Republic, Libya, Niger, Nigeria, Sudan
6%
6 Central African Republic Cameroon, Chad, Democratic Republic of the Congo, Republic of the Congo, South Sudan, Sudan
6%
8 Austria Czech Republic, Germany, Hungary, Italy, Liechtenstein, Slovakia, Slovenia, Switzerland
6%
7 Saudi Arabia Iraq, Jordan, Kuwait, Oman, Qatar, United Arab Emirates, Yemen
6%
6 Mozambique Malawi, South Africa, Swaziland, Tanzania, Zambia, Zimbabwe
6%
14 China Afghanistan, Bhutan, Burma, India, Kazakhstan, Kyrgyzstan, Laos, Mongolia, Nepal, North Korea, Pakistan, Russia, Tajikistan, Vietnam
5%
8 Turkey Armenia, Azerbaijan, Bulgaria, Georgia, Greece, Iran, Iraq, Syria
5%
7 Hungary Austria, Croatia, Romania, Serbia, Slovakia, Slovenia, Ukraine
5%
8 Serbia Bosnia and Herzegovina, Bulgaria, Croatia, Hungary, Kosovo, Macedonia, Montenegro, Romania
5%
6 South Sudan Central African Republic, Democratic Republic of the Congo, Ethiopia, Kenya, Sudan, Uganda
5%
6 Guinea Côte d'Ivoire, Guinea-Bissau, Liberia, Mali, Senegal, Sierra Leone
5%
6 Ethiopia Djibouti, Eritrea, Kenya, Somalia, South Sudan, Sudan
5%
7 Niger Algeria, Benin, Burkina Faso, Chad, Libya, Mali, Nigeria
4%
7 Mali Algeria, Burkina Faso, Côte d'Ivoire, Guinea, Mauritania, Niger, Senegal
4%
8 Tanzania Burundi, Democratic Republic of the Congo, Kenya, Malawi, Mozambique, Rwanda, Uganda, Zambia
4%
7 Sudan Central African Republic, Chad, Egypt, Eritrea, Ethiopia, Libya, South Sudan
4%
8 Zambia Angola, Botswana, Democratic Republic of the Congo, Malawi, Mozambique, Namibia, Tanzania, Zimbabwe
3%
9 Democratic Republic of the Congo Angola, Burundi, Central African Republic, Republic of the Congo, Rwanda, South Sudan, Tanzania, Uganda, Zambia
3%
No matching quizzes found
Score Distribution
Percent of People with Each Score
Percentile by Number Answered
Your Score History
You have not taken this quiz